| 000 | 00718nam a2200217Ia 4500 | ||
|---|---|---|---|
| 999 |
_c38786 _d38786 |
||
| 003 | GCL | ||
| 005 | 20240530103344.0 | ||
| 008 | 140319s9999 xx 000 0 ara d | ||
| 040 |
_aGCL / _cGCL |
||
| 082 | 0 | 4 |
_a815 _bم خ |
| 100 | 1 | _aمحمد ابوزهرة | |
| 245 | 1 | 0 |
_aالخطابة: اصولها تاريخها فى ازهر عصورها عند العرب / _cمحمد ابوزهرة |
| 250 | _aالاولى | ||
| 260 |
_aالقاهرة : _bدار الفكر العربى ، _c1934 |
||
| 300 |
_a287 ص ؛ _c25 سم |
||
| 650 | 0 | 4 | _aالخطابة |
| 650 | 0 | 4 | _aالخطابة العربية |
| 650 | 0 | 4 | _aالخطابة الدينية |
| 650 | 0 | 4 | _aالخطب - تاريخ ونقد |
| 942 |
_2ddc _cBK |
||